| 000 | 00801cam a2200253 a 4500 | ||
|---|---|---|---|
| 001 | 000009384 | ||
| 003 | DO-SdBNP | ||
| 005 | 20220525133556.0 | ||
| 008 | 930526s1992 nq b 000 0dspa | ||
| 010 | _a93158712 | ||
| 040 |
_aDO-SdBNP _cDLC _dBNPHU |
||
| 043 | _ancnq--- | ||
| 049 | _aBNGR | ||
| 082 |
_aN861.4408 _bM953 |
||
| 245 | 0 | 3 |
_aLa Mujer nicaraguense en la poesía : _bantología / _c[compilación de] Daisy Zamora. |
| 260 |
_aManagua, Nicaragua : _bEditorial Nueva Nicaragua, _c[1992]. |
||
| 300 |
_a479 p. ; _c23 cm. |
||
| 504 | _aIncludes bibliographical references. | ||
| 650 | 4 |
_aPoesía nicaraguense _xColecciones _ySIGLO XX _924168 |
|
| 650 | 4 |
_aMujeres en la literatura _91388 |
|
| 700 | 1 |
_aZamora, Daisy. _924169 |
|
| 910 | _aCatalogación por copia / LC | ||
| 942 |
_2ddc _cLBS1 |
||
| 999 |
_c9144 _d9144 |
||